000 01233nam a22002657a 4500
003 BPGM
005 20260624214256.0
008 260624b2000 mx ||||| |||| 001 0 spa d
020 _a968-7377-49-6
040 _aBPGM
_bspa
041 _aspa
_hspa
082 0 4 _aCQ / 862M /
_bP83 / P83 /
100 _aIGNACIO PADILLA, EDGAR CEBALLO
245 _aLA PUERTA
260 _aQUERÈTARO;
_bFONDO EDITORIAL QUERETARO,
_c2000.
300 _a295 pàginas
_c23 cm x 14 cm
336 _2rdacontent
_atexto
_btxt
337 _2rdamedia
_asin mediación
_bn
338 _2rdacarrier
_avolumen
_bnc
505 _a"LA PUERTA" ES UNA GALARDONADA PIEZA TEATRAL MEXICANA ESCRITA POR EL DESTACADO INVESTIGADOR, EDITOR Y DRAMATURGO YUCATECO EDGAR CEBALLOS, QUE OBTUVO EL PREMIO NACIONAL DE DRAMATURGIA EN 1999. LA OBRA DESTACA POR SU ENFOQUE VANGUARDISTA E INTROSPECTIVO DENTRO DE LAS PROPUESTAS TEATRALES CONTEMPORÁNEAS EN MÉXICO. SE PUBLICÓ FORMALMENTE EN EL AÑO 2000 TRAS RESULTAR SELECCIONADA EN EL PRIMER CONCURSO NACIONAL DE DRAMATURGIA MANUEL HERRERA CASTAÑEDA EN EL ESTADO DE QUERÉTARO.
650 _aLITERATURA Y RETÓRICA
650 _aLITERATURAS ESPAÑOLA Y PORTUGUESA
650 _aTEATRO ESPAÑOL
942 _2ddc
_cCOLQ
999 _c68666
_d68666